00556nam a22001937a 450000500170000001000130001702000100003003500130004003700160005304000120006908200130008124500620009426000460015627000540020230000330025665000240028965000320031370000170034520170124110144.0 aA-597181 c00.00 aA-597181 bCen Lib/Ret aDPLbEN a080bNEH aNehru memorial lecture 1966-1991 /cedited by John Grigg  aNew Delhi bOxford University Pressc1992 bNew Delhi aYMCA building, jai singh roade110001 aviii, 262p.:c21cm(Hb)bill. apolitical sciences  aPolitical thoughts xNehru  aGrigg, John